00447nam a22001337a 4500008004100000040001500041050003200056100002100088245013000109260000900239300001700248650002500265650002300290170321b xxu||||| |||| 00| 0 eng d aKABUcKABU aThe HF5549.5b.W35 2016 C.1 aWalubuka, Elijah aAnalysis of the of recruitment and selection practices on the performance of public universities in kenyacby Elijah Walubuka c2016 axvii, 214 p. aEmployeevRecruiting aEmployee selection